000 00545nam a2200169Ia 4500
008 090201s9999 xx 000 0 und d
010 _aKPL-27298
040 _bमराठी
041 _aमराठी
082 _a25646
_b27298
100 _aकुमुदिनी रांगणेकर
245 _aसाद पडसाद
_cकुमुदिनी रांगणेकर
260 _c2004
_bमनोहर ए.मुसळे
300 _a160
_bमोठा
600 _aसाद पडसाद
942 _cBOOK
999 _c224826
_d224826